|
|
|
|
| LEADER |
00000nam0a2200000 4500 |
| 001 |
162959 |
| 005 |
20231101222348.0 |
| 010 |
|
|
|a 9785060057171
|
| 035 |
|
|
|a (RuTPU)RU\TPU\book\176747
|
| 090 |
|
|
|a 162959
|
| 100 |
|
|
|a 20090630d2008 m y0rusy50 ca
|
| 101 |
0 |
|
|a rus
|
| 102 |
|
|
|a RU
|
| 105 |
|
|
|a a j 001zy
|
| 200 |
1 |
|
|a Основы токсикологии
|e учебное пособие
|f П. П. Кукин [и др.]
|
| 210 |
|
|
|a Москва
|c Высшая школа
|d 2008
|
| 215 |
|
|
|a 280 с.
|c ил.
|
| 225 |
1 |
|
|a Для высших учебных заведений. Безопасность жизнедеятельности
|
| 320 |
|
|
|a Библиогр.: с. 276-277.
|
| 330 |
|
|
|a В пособии дана краткая история токсикологии как медицинской науки, представлена ее современная структура. Специальные разделы учебного пособия посвящены основным понятиям и классификациям, используемым в токсикологии, современным представлениям действия вредных веществ (ядов) на организм. Изложены основы токсикометрии и токсикокинетики. Отдельные разделы учебного пособия посвящены проблемам промышленной и экологической токсикологии, экотоксикологического анализа и его методов. Материал учебного пособия построен на новейших подходах к проблемам токсического действия вредных веществ (ядов) на живые организмы.
|
| 606 |
1 |
|
|a Токсикология
|2 stltpush
|3 (RuTPU)RU\TPU\subj\60892
|9 78115
|
| 610 |
1 |
|
|a медицина
|
| 610 |
1 |
|
|a вредные вещества
|
| 610 |
1 |
|
|a отравления
|
| 610 |
1 |
|
|a таксономия
|
| 610 |
1 |
|
|a яды
|
| 610 |
1 |
|
|a токсометрия
|
| 610 |
1 |
|
|a параметры
|
| 610 |
1 |
|
|a токсикокинетика
|
| 610 |
1 |
|
|a метаболические превращения
|
| 610 |
1 |
|
|a промышленность
|
| 610 |
1 |
|
|a химические вещества
|
| 610 |
1 |
|
|a токсичность
|
| 610 |
1 |
|
|a экологическая токсикология
|
| 610 |
1 |
|
|a экотоксикологический анализ
|
| 610 |
1 |
|
|a учебные пособия
|
| 675 |
|
|
|a 615.9(075.8)
|v 3
|
| 701 |
|
1 |
|a Кукин
|b П. П.
|g Павел Павлович
|
| 701 |
|
1 |
|a Пономарев
|b Н. Л.
|g Николай Лукич
|
| 701 |
|
1 |
|a Таранцева
|b К. Р.
|g Клара Рустемовна
|
| 701 |
|
1 |
|a Келина
|b Н. Ю.
|g Нина Юрьевна
|
| 701 |
|
1 |
|a Безручко
|b Н. В.
|g Наталья Валериановна
|
| 701 |
|
1 |
|a Сотникова
|b Е. В.
|g Елена Васильевна
|
| 801 |
|
1 |
|a RU
|b 63413507
|c 20090630
|g PSBO
|
| 801 |
|
2 |
|a RU
|b 63413507
|c 20170331
|g PSBO
|
| 942 |
|
|
|c BK
|
| 959 |
|
|
|a 79/20090629
|d 12
|e 610,00
|f АНЛ:1
|f ЧЗТЛ:1
|f УФ:10
|